000
00344 a2200169 4500
001
189314
020
_a
85-00-01044-4
040
_c
Magnum
100
_a
Engelberg, Stephen
240
1
0
_a
Germes
_l
por
245
1
0
_a
Germes
300
_a
487
362
0
_a
2002
440
1
_a
Ediouro
697
_a
LITERATURA GERAL ESTRANGEIRA
942
_c
BK
999
_c
189314
_d
189314